[Event "Alsace-Baden"]
[Site "Selestat"]
[Date "2019.09.22"]
[Round "1.29"]
[White "Bacher, Oliver"]
[Black "Oechsel, Gaetan"]
[Result "1-0"]
[WhiteElo "1773"]
[BlackElo "1680"]
[PlyCount "93"]
[EventDate "2019.09.22"]
[EventType "team-match"]
[EventRounds "1"]
[EventCountry "FRA"]
[SourceTitle "CBM 192 Extra"]
[Source "Chessbase"]
[SourceDate "2019.11.06"]
[SourceVersion "1"]
[SourceVersionDate "2019.11.06"]
[SourceQuality "1"]
[WhiteTeam "Baden"]
[BlackTeam "Alsace"]
[WhiteTeamCountry "GER"]
[BlackTeamCountry "FRA"]

1. c4 c5 2. g3 g6 3. Bg2 Bg7 4. Nc3 Nc6 5. Rb1 e5 6. e3 Nge7 7. Nge2 0-0 8. a3 a5 9. Qa4 d6 10. b4 Bf5 11. b5 Bxb1 12. bxc6 Bf5 13. cxb7 Rb8 14. 0-0 Bd7 15. Nb5 Bc6 16. d4 Bxg2 17. Kxg2 exd4 18. exd4 cxd4 19. Nexd4 Rxb7 20. Bd2 Qa8 21. Kg1 d5 22. c5 Bxd4 23. Nxd4 Rc8 24. Rc1 Rbc7 25. c6 Nxc6 26. Bf4 Nxd4 27. Rxc7 Ne2+ 28. Kf1 Nxf4 29. Qxf4 Qa6+ 30. Kg2 Rxc7 31. Qxc7 Qe2 32. Qd8+ Kg7 33. Qxd5 Qe1 34. Qd4+ Kg8 35. h4 h5 36. Kf3 Qh1+ 37. Ke2 Qa8 38. Ke3 Qe8+ 39. Kd2 Qb5 40. a4 Qf5 41. Kc3 g5 42. Qd8+ Kh7 43. Qxg5 Qxf2 44. Qxh5+ Kg7 45. Qg5+ Kf8 46. Qd8+ Kg7 47. Qd4+ 1-0